Quiz sur la Coupe du Monde de Football - Statistiques

Statistiques générales
  • Ce quiz a été pris 481 fois
  • Le résultat moyen est 9 sur 17
Statistiques - réponses
Réponse % Correct
Uruguay
99%
Brésil
98%
Italie
93%
Corée du Sud
85%
Pays-Bas
80%
Maroc
59%
Egypte
58%
Ghana
58%
Cameroun
57%
Mexique
55%
Sénégal
55%
France
33%
Indonésie
32%
Hongrie
22%
Trinité-et-Tobago
15%
Cuba
11%
Salvador
10%
Aucun quiz correspondant
Distribution des résultats
% des personnes avec chaque résultat
Percentile par nombre de réponses
Votre historique - résultats
Vous n’avez pas pris ce quiz